000 00455nam a2200181Ia 4500
001 13432
005 20260306164800.0
008 260306t2017||||xx |||||||||||||| ||spa||
041 _aESP
082 _a004.16
_bB24
100 _aBariáin Aisa, Cándido
_eAUT
245 0 _aProgramación de microcontroladores PIC en lenguaje C
260 _c2017
300 _a216 páginas :
_c24 cm.
650 _aGEN
654 _aCCC
942 _cLIB
_dJUS
_fJUS
_2ddc
_n
999 _c13432
_d13432